000 00658nam a22002297a 4500
005 20170124110154.0
010 _aA-760255
020 _c00.00
_a818540237X
035 _aA-760255
037 _bCen Lib/Ret
040 _aDPL
_bEN
082 _a181.45
_bGUP
100 _aGupta, T.R.
_934715
245 _aVedas for the young /
_cby T.R. Gupta [and] J.C. Aggarwal
260 _aDelhi
_c1994
_bShipra Publications
270 _bDelhi
_a115, Vikas Marg shakarpur
_e110092
300 _a93p.
_c20cm(Hb)
650 _aPhilosophy
_9101734
650 _aVedas
_9101735
700 _aAggarwal, J.C.
_92161
942 _2ddc
_cEN
_h181.45
_mGUP
999 _c132441
_d132441